Militaries Better Than Australia - Sudden Death - Statistics

General Stats
  • This quiz has been taken 135 times
    132 since last reset
  • The average score is 5 of 15
Answers on the Grid
Answers color-coded by a green-red scale on the quiz's grid according to % correct below.
Israel
Pakistan
Sweden
Argentina
Poland
Iran
Japan
Spain
Thialand
Saudi Arabia
Vietnam
Indonesia
India
France
United States
Greece
Mexico
Canada
Germany
Norway
Singapore
South Korea
Egypt
Algeria
Italy
Turkey
China
Iraq
Russia
Chile
 
Answer Stats
Answer % Correct
Israel
52%
United States
52%
France
42%
Japan
42%
India
35%
South Korea
35%
Germany
32%
Pakistan
32%
Russia
32%
China
26%
Iran
23%
Italy
23%
Turkey
23%
Spain
16%
Indonesia
13%
No matching quizzes found
Score Distribution
Percent of People with Each Score
Percentile by Number Answered
Your Score History
You have not taken this quiz since the last reset